| 000 | 00531nam a22001937a 4500 | ||
|---|---|---|---|
| 003 | NUST-PNEC | ||
| 005 | 20170116180846.0 | ||
| 008 | 140709b xxu||||| |||| 00| 0 eng d | ||
| 040 | _cPNEC | ||
| 082 | _a604.2 BHA | ||
| 100 |
_9138 _aBhatt, N.D. |
||
| 245 |
_aElementary engineering drawing _bPlane and solid geometary _cN.D. Bhatt |
||
| 250 | _a23rd ed. | ||
| 260 |
_aAnand (India) _bCharotar Publishing House _cc.1984 |
||
| 300 |
_axv, 597p. : _bill. : _c20 cm. |
||
| 500 | _aIncludes Index | ||
| 650 | _xME | ||
| 942 |
_2ddc _cBK |
||
| 999 |
_c64471 _d64471 |
||